Ciudades de Corea del Sur (con mapa) - Estadísticas

Estadísticas generales
  • Esta prueba ha sido intentada 48 veces
    30 desde el último reinicio
  • La puntuación promedio es 6 de 28
Respuestas en el mapa
Las respuestas están codificadas por una escala verde-roja en el mapa de la prueba según el % correcto abajo.
 
Estadísticas de respuestas
Ciudad % Correcto
Seúl
100%
Busan
91%
Incheon
68%
Jeju
64%
Daegu
59%
Ulsan
41%
Gwangju
32%
Daejeon
27%
Suwon
27%
Ansan
14%
Seongnam
14%
Changwon
9%
Goyang
9%
Bucheon
5%
Chuncheon
5%
Gangneung
5%
Gunsan
5%
Iksan
5%
Mokpo
5%
Pohang
5%
Wonju
5%
Yeosu
5%
Andong
0%
Cheongju
0%
Eumseong
0%
Gyeongju
0%
Jeonju
0%
Sokcho
0%
No se encontraron pruebas coincidentes
Distribución de puntuación
Porcentaje de gente con cada puntuación
Porcentaje por número respondido
Historial de tus puntuaciones
No has intentado esta prueba desde el último reinicio